What is Allergy/ (Record no. 173633)

MARC details
000 -LEADER
fixed length control field 00527nam a22001817a 4500
005 - DATE AND TIME OF LATEST TRANSACTION
control field 20200304105528.0
010 ## - LCCN (DPL NO)
LC control number ENG-127965
020 ## - INTERNATIONAL STANDARD BOOK NUMBER
International Standard Book Number 978933350579244
Terms of availability 150.00
035 ## - SYSTEM CONTROL NUMBER
System control number EN-111497
037 ## - SOURCE OF ACQUISITION
Source of stock number/acquisition DBAD/PUB
082 ## - DEWEY DECIMAL CLASSIFICATION NUMBER
Classification number 616.97
100 ## - MAIN ENTRY--PERSONAL NAME
Personal name Sethi,A K
245 ## - TITLE STATEMENT
Title What is Allergy/
Statement of responsibility, etc by A K Sethi
260 ## - PUBLICATION, DISTRIBUTION, ETC. (IMPRINT)
Place of publication, distribution, etc New Delhi
Name of publisher, distributor, etc V & S Publishers
Date of publication, distribution, etc 2017
270 ## - ADDRESS
Address 2/16, Ansari Road,Daryaganj
City New Delhi
Postal code 110002
Electronic mail address info@vspublishers.com
300 ## - PHYSICAL DESCRIPTION
Extent 48p.
Dimensions 24cm(pbk)
942 ## - ADDED ENTRY ELEMENTS (KOHA)
Source of classification or shelving scheme Dewey Decimal Classification
Item type English Books
Classification part 616.97
Call number suffix SET
Holdings
Withdrawn status Lost status Not for loan Collection code Home library Current library Date acquired Source of acquisition Cost, normal purchase price Full call number Barcode Copy number Cost, replacement price Koha item type
      Non-fiction Bawana Bawana 04/03/2020 DBAD/PUB 150.00 616.97 SET EN-111497 1 150.00 English Books

© Delhi Public Library
Hit Counter
free hit counter